Statistics for Language Family: Algonquian

Click here to take the quiz!

General Stats

  • This quiz has been taken 7 times
  • The average score is 3 of 13

Answer Stats

Number of SpeakersAnswer% Correct
117,000Cree-Innu-Naskapi
100%
50,000Anishinaabemowin
71%
7,140Mi'kmaq
29%
2Potawatomi
29%
1,087Arapaho
14%
4,915Blackfoot
14%
35Menominee
14%
2Munsee
14%
700Saux-Fox-Kickapoo
14%
260Shawnee
14%
14Western Abenaki
14%
380Cheyenne
0%
455Maliseet-Passamaquoddy
0%

Score Distribution

Percentile by Number Answered

Percent of People with Each Score

Your Score History

You have not taken this quiz